[Event "RUS-chT U14"]
[Site "Sochi"]
[Date "2017.05.07"]
[Round "6.5"]
[White "Pristavka, Petr"]
[Black "Perov, German"]
[Result "0-1"]
[WhiteElo "1511"]
[BlackElo "1944"]
[PlyCount "86"]
[EventDate "2017.05.01"]
[EventType "team-tourn"]
[EventRounds "9"]
[EventCountry "RUS"]
[SourceTitle "CBM 178 Extra"]
[Source "ChessBase"]
[SourceDate "2017.06.22"]
[SourceVersion "1"]
[SourceVersionDate "2017.06.22"]
[SourceQuality "1"]

1. d4 d5 2. Bf4 c6 3. e3 e6 4. Nf3 f5 5. c4 Nf6 6. Nc3 Be7 7. Be2 0-0 8. 0-0 Ne4 9. h3 Bd7 10. Ne5 Be8 11. Nxe4 dxe4 12. Qb3 Qc8 13. Rac1 Nd7 14. Rfd1 g5 15. Nxd7 gxf4 16. Nxf8 Bxf8 17. exf4 Bh6 18. g3 Bf7 19. Qb4 Qd7 20. Rc2 Kh8 21. Rcd2 Rg8 22. Kh2 Qc7 23. Qc5 Bg7 24. d5 Bf8 25. d6 Qd7 26. Qxa7 e5 27. fxe5 Bh6 28. Rd4 Bg5 29. c5 e3 30. f4 Bd8 31. Ba6 Qe6 32. Qxb7 Qg6 33. Rg1 Bh4 34. Qxc6 Bxg3+ 35. Kh1 Qh5 36. Qg2 Bf2 37. Be2 Rxg2 38. Bxh5 Rxg1+ 39. Kh2 e2 40. Bxe2 Bxd4 41. d7 Rg8 42. c6 Bg1+ 43. Kh1 Bd5+ 0-1

[Event "RUS-chT U14"]
[Site "Sochi"]
[Date "2017.05.03"]
[Round "3.3"]
[White "Goncharova, Sofiya"]
[Black "Perov, German"]
[Result "0-1"]
[WhiteElo "1034"]
[BlackElo "1944"]
[PlyCount "62"]
[EventDate "2017.05.01"]
[EventType "team-tourn"]
[EventRounds "9"]
[EventCountry "RUS"]
[SourceTitle "CBM 178 Extra"]
[Source "ChessBase"]
[SourceDate "2017.06.22"]
[SourceVersion "1"]
[SourceVersionDate "2017.06.22"]
[SourceQuality "1"]

1. e4 c5 2. Nf3 Nc6 3. d4 cxd4 4. Nxd4 g6 5. Bc4 Bg7 6. Nxc6 bxc6 7. Qf3 e6 8. 0-0 Ne7 9. Bg5 0-0 10. Nc3 d5 11. exd5 cxd5 12. Rad1 Bb7 13. Rfe1 f6 14. Bf4 Qc8 15. Bd6 dxc4 16. Qe3 Nf5 17. Qxe6+ Qxe6 18. Rxe6 Rfd8 19. Be7 Rxd1+ 20. Nxd1 Kf7 21. Re2 Nxe7 22. Rd2 Nd5 23. c3 Re8 24. Ne3 Nxe3 25. fxe3 Rxe3 26. Rd7+ Re7 27. Rd4 Bh6 28. Rxc4 Be3+ 29. Kf1 Ba6 30. Ke1 Bxc4 31. a3 Re5 0-1

[Event "RUS-chT U14"]
[Site "Sochi"]
[Date "2017.05.02"]
[Round "2.3"]
[White "Postnikov, Roman"]
[Black "Perov, German"]
[Result "0-1"]
[WhiteElo "2082"]
[BlackElo "1944"]
[PlyCount "86"]
[EventDate "2017.05.01"]
[EventType "team-tourn"]
[EventRounds "9"]
[EventCountry "RUS"]
[SourceTitle "CBM 178 Extra"]
[Source "ChessBase"]
[SourceDate "2017.06.22"]
[SourceVersion "1"]
[SourceVersionDate "2017.06.22"]
[SourceQuality "1"]

1. d4 d5 2. Nf3 e6 3. Bf4 c6 4. e3 f5 5. Bd3 Nf6 6. h3 Be7 7. Nbd2 0-0 8. Ne5 Ne4 9. 0-0 Nd7 10. f3 Nxd2 11. Qxd2 c5 12. c3 c4 13. Bc2 Nxe5 14. Bxe5 Bd6 15. Bxd6 Qxd6 16. e4 b5 17. Rae1 Bd7 18. Qg5 h6 19. Qh5 Qf4 20. exf5 exf5 21. Re5 Be8 22. Qxf5 Rxf5 23. Bxf5 Bf7 24. Rfe1 g6 25. Be6 Bxe6 26. Rxe6 Rf8 27. Rxg6+ Kh7 28. Rge6 Rf7 29. R1e2 b4 30. Kf2 a5 31. R6e5 bxc3 32. bxc3 Qc1 33. R5e3 a4 34. Re1 Qb2+ 35. R1e2 Qb8 36. Re5 Rb7 37. Kg1 Qd6 38. g4 a3 39. f4 Rb1+ 40. Kg2 Rb2 41. Kf3 Rxe2 42. Rxe2 Qb6 43. f5 Qb2 0-1